| 000 | 00704nam a2200229 a 4500 | ||
|---|---|---|---|
| 005 | 20140310183329.0 | ||
| 008 | 060816s19uu xx 00 eng d | ||
| 020 | _a0750663685 | ||
| 050 |
_aHD 30.28 _b.W364 2005 |
||
| 100 | _aWard, Keith | ||
| 245 |
_aDesigning world class corporate strategies: _bvalue-creating rolse for for Corporate Centres. / _cKeith Ward |
||
| 260 |
_aAmsterdam : _bElseviere Butterworth Heinemann, _c2005. |
||
| 300 |
_a299 p. : _c24 cm. |
||
| 521 | _aBSBA | ||
| 650 | _aBusiness planning. | ||
| 650 | _aStrategic planning. | ||
| 650 | _aCorporate reorganization. | ||
| 700 | _aBowman, Cliff | ||
| 700 | _aKakabadse, Andrew | ||
| 942 |
_cBK _2lcc _kFOR |
||
| 999 |
_c21523 _d21523 |
||